000 00744nam a22002057a 4500
008 090313t xxu||||| |||| 00| 0 eng d
010 _aENG-93210
020 _a9788190720311
_c85.00
035 _aEN-76743
037 _bDBAD / PUB
040 _adpl
_bEnglish
082 _a005.2768
100 _aAnanda Prakash, T.
245 _aVisual Basic /
_cby T. Ananda Prakash
260 _aChennai
_bBala Books
_c2007
270 _a15, Ko.su. mani Street, Choolaimedu
_bChennai
300 _a138p.
_c21cm (pbk)
942 _2ddc
_cEN
_mANA
_h005.2768
999 _c25193
_d25193